|
|
|
|
| LEADER |
00000cam a2200000 a 4500 |
| 001 |
vtls010594767 |
| 003 |
SK-MaSNL |
| 005 |
20260425233026.0 |
| 008 |
210701s2014 xo f v 001 0 slo |
| 015 |
|
|
|a SNBI2014
|
| 020 |
|
|
|a 9788081680229
|q (viaz.)
|
| 035 |
|
|
|a urn:nbn:sk:snk-am008z0d
|
| 035 |
|
|
|a 037746B0-362F-4201-A6F9-8535C8DCC043
|
| 035 |
|
|
|a urn:nbn:sk:snk-am3hb8e
|
| 040 |
|
|
|a SNK
|b slo
|c SNK
|e AACR2
|
| 041 |
0 |
|
|a slo
|
| 044 |
|
|
|a xo
|c SK
|
| 072 |
|
7 |
|a 347.9
|x Občianske súdne konanie. Súdnictvo
|2 konspekt
|
| 080 |
|
|
|a 347.965.42
|2 2001
|
| 080 |
|
|
|a (437.6)
|2 2001
|
| 080 |
|
|
|a (094.5)
|2 2001
|
| 080 |
|
|
|a (035)
|2 2001
|
| 080 |
|
|
|a 347.996
|2 2001
|
| 100 |
1 |
|
|a Budjač, Milan
|4 aut
|9 316531
|
| 245 |
1 |
0 |
|a Zákon o mediácii
|b komentár
|c Milan Budjač, Katarína Šimonová, Jarmila Lazíková
|
| 260 |
|
|
|a Bratislava
|b Wolters Kluwer
|c 2014
|
| 300 |
|
|
|a 243 s.
|c 24 cm
|
| 490 |
1 |
|
|a Komentáre
|
| 504 |
|
|
|a Obsahuje bibliografiu a register
|
| 650 |
0 |
7 |
|a mediácia
|2 SNKPH
|9 25067
|
| 650 |
0 |
7 |
|a Mediation
|2 SNKPHeng
|9 319341
|
| 650 |
0 |
7 |
|a alternatívne riešenie sporov
|2 SNKPH
|9 100696
|
| 650 |
0 |
7 |
|a Alternative dispute resolution
|2 SNKPHeng
|9 359606
|
| 651 |
|
7 |
|a Slovensko
|2 SNKPH
|9 14231
|
| 651 |
|
7 |
|a Slovakia
|2 SNKPHeng
|9 92630
|
| 655 |
|
7 |
|a zákony
|2 SNKPH
|9 70186
|
| 655 |
|
7 |
|a príručky
|2 SNKPH
|9 74364
|
| 655 |
|
7 |
|a Laws
|2 SNKPHeng
|9 266957
|
| 655 |
|
7 |
|a Handbooks, manuals, etc.
|2 SNKPHeng
|9 90964
|
| 700 |
1 |
|
|a Šimonová, Katarína
|4 aut
|9 486685
|
| 700 |
1 |
|
|a Lazíková, Jarmila,
|d 1980-
|4 aut
|9 192873
|
| 710 |
1 |
2 |
|a Slovensko.
|t Zákon o mediácii (2004, novela 2011)
|9 486686
|
| 830 |
|
0 |
|a Komentáre
|9 312810
|
| 919 |
|
|
|a 978-80-8168-022-9
|
| 958 |
|
|
|a OND
|
| 958 |
|
|
|a NB
|
| 999 |
|
|
|c 754656
|d 756586
|
| 952 |
|
|
|a SNK
|b SNK
|y PREZ
|7 0
|p 17A1110388
|o snkSC 159552
|i snk2014/11539
|8 0
|0 0
|1 0
|4 0
|d 2014-05-15
|f 1
|l 0
|r 2025-08-21 00:00:00
|w 2026-02-23
|
| 952 |
|
|
|a SNK
|b SNK
|y VYP
|7 0
|p 17A1110387
|o snkSC 159552 D1
|i snk2014/11540
|8 0
|0 0
|1 0
|4 0
|d 2014-05-15
|l 0
|r 2026-02-23 23:45:14
|w 2026-02-23
|